000101902 001__ 101902
000101902 005__ 20210513121128.0
000101902 037__ $$aTAZ-TFG-2020-1738
000101902 041__ $$aspa
000101902 1001_ $$aGascón Hueso, Emilio
000101902 24200 $$aPACKAGE WASTE MIXED-SYSTEM MANAGEMENT: A PROPOSAL FOR SPAIN
000101902 24500 $$aSISTEMA MIXTO DE GESTIÓN DE RESIDUOS DE ENVASES: UNA PROPUESTA PARA ESPAÑA
000101902 260__ $$aZaragoza$$bUniversidad de Zaragoza$$c2020
000101902 506__ $$aby-nc-sa$$bCreative Commons$$c3.0$$uhttp://creativecommons.org/licenses/by-nc-sa/3.0/
000101902 520__ $$aEn el Trabajo Fin de Grado se va a desarrollar un análisis entre los dos sistemas de reciclaje de envases implantados en la Unión Europea (SIG y SDDR), llevando a cabo una explicación de la normativa bajo la que están sujetos, tanto a nivel europeo como a nivel nacional, las diferencias de funcionamiento que implica cada sistema y lugares donde se aplica cada uno, así como una comparativa entre ellos de sus características generales y las tasas de recuperación y reciclaje que logran anualmente. La exposición de ambos sistemas y las conclusiones extraídas de sus tasas junto con el análisis de una prueba piloto de implantación de un SDDR en una localidad de España servirán de soporte para la conclusión en la que se plasmará como el SDDR puede complementar al actual sistema de recogida selectiva de envases implantado en España.<br /><br />
000101902 521__ $$aGraduado en Administración y Dirección de Empresas
000101902 540__ $$aDerechos regulados por licencia Creative Commons
000101902 700__ $$aValero Gil, Jesús$$edir.
000101902 7102_ $$aUniversidad de Zaragoza$$b $$c
000101902 8560_ $$f741039@unizar.es
000101902 8564_ $$s1699630$$uhttps://zaguan.unizar.es/record/101902/files/TAZ-TFG-2020-1738.pdf$$yMemoria (spa)
000101902 909CO $$ooai:zaguan.unizar.es:101902$$pdriver$$ptrabajos-fin-grado
000101902 950__ $$a
000101902 951__ $$adeposita:2021-05-13
000101902 980__ $$aTAZ$$bTFG$$cECON
000101902 999__ $$a20200623124553.CREATION_DATE